| 000 | 00850nam a2200265 i 4500 | ||
|---|---|---|---|
| 001 | 000038856 | ||
| 003 | DO-SdBNP | ||
| 005 | 20251202092514.0 | ||
| 007 | ta | ||
| 008 | 130430s2012 dr a 000 0 spa d | ||
| 040 |
_aDO-SdBNP _bspa _cBNPHU _erda |
||
| 041 | _aspa | ||
| 082 |
_axxx _bG943 _222 |
||
| 245 | 0 | 0 | _aGuía metodológica para auditar la calidad de los indicadoresdel Plan Nacional Plurianual del sector Público (PNPSP). |
| 264 |
_aSanto Domingo : _bMinisterio de Economia Planificación y Desarrollo, _c2012. |
||
| 300 |
_a41 páginas ; _c21 cm. |
||
| 336 |
_ardacontent _btexto _2txt |
||
| 337 |
_ardamedia _bsin mediación _2n |
||
| 338 |
_ardacarrier _bvolumen _222 |
||
| 490 | 1 |
_aMonitereo y evaluación _v1 |
|
| 590 | _aInventariado,2025/DG | ||
| 830 | 0 |
_aMonitereo y evaluación _v1 _965134 |
|
| 910 | _aDG | ||
| 942 |
_2ddc _cLF2 |
||
| 999 |
_c38346 _d38346 |
||